000 00163nam a2200073Ia 4500
008 170523s9999 xx 000 0 und d
100 _aWILLSON
245 0 _aWORK BOOK
260 _bTATA MC GRAW HILL
999 _c1693
_d1693